Quizzes
Events
Quiz Creation
Community
Videos
Private Events
Remove Ads
Sign In
Join for FREE
Feedback
Dark Mode
Quiz Categories
Sports
Geography
Music
Movies
Television
Just For Fun
Miscellaneous
History
Literature
Language
Science
Gaming
Entertainment
Religion
Holiday
For Kids
Quiz Lab
Recent
Popular Today
Quiz Kudos Today
Editor Picks
Curator Picks
Quizzes by...
Day
Popularity
Type
Ratings
Length
Year
Community
Subscriptions
Recent Discussions
Orange Saloon
Badges
Playlists
Quests
Create
Leaderboards
Showdown
Live 5
Trivia Bingo
Activity
Puzzle Library
Sporcle Events
Private Events
Virtual Trivia
Globe League
Become a Host
Pub Owners
SporcleCon
Opinionation
Our Games
Videos
Blog
Mobile Apps
Partnerships
Remove Ads and Go Orange
Feedback
Science
Computer
Plants
Astronomy
Chemistry
Elements
Math
Animal
Physics
Anatomy
Biology
Geology
General Science
Science
Computer
Plants
Astronomy
Chemistry
Elements
Math
Animal
Physics
Anatomy
Biology
Geology
General Science
Random Quiz
Search Sporcle
×
Quiz Lab
Quiz Lab
Science
Elements
Type in answers that appear in a list
Type in answers that appear in a list
Classic
Best Score? Go Orange.
Progressively Tougher Elements Stats
Can you name the Progressively Tougher Elements?
By
potternerd333
12m
118 Questions
46 Plays
46 Plays
46 Plays
Comments
Comments
Give Quiz Kudos
Give Quiz Kudos
-
- Ratings
hide this ad
More Info
No Skip
Answers have to be entered in order without skipping
Answers have to be entered in order without skipping
Replay
Link that replays current quiz
Next Quiz
Link to next quiz in quiz playlist
You Got
0%
They Got
Avg Score
57%
Avg Friend Score
Upgrade to see
Score Distribution
Jump to the score distribution portion of the page
Score
0/118
Timer
12:00
0
Plays Today
Atomic #
Element
% Correct
?
???
100%
?
???
97.8%
?
???
95.7%
?
???
95.7%
?
???
93.5%
?
???
93.5%
?
???
93.5%
?
???
89.1%
?
???
89.1%
?
???
89.1%
?
???
89.1%
?
???
89.1%
?
???
89.1%
?
???
89.1%
?
???
89.1%
?
???
89.1%
?
???
89.1%
?
???
89.1%
?
???
89.1%
?
???
89.1%
?
???
84.8%
?
???
84.8%
?
???
82.6%
?
???
80.4%
?
???
80.4%
?
???
80.4%
?
???
80.4%
?
???
80.4%
?
???
78.3%
?
???
78.3%
?
???
78.3%
?
???
78.3%
?
???
78.3%
?
???
76.1%
?
???
76.1%
?
???
73.9%
?
???
73.9%
?
???
71.7%
?
???
71.7%
?
???
69.6%
Atomic #
Element
% Correct
?
???
67.4%
?
???
67.4%
?
???
67.4%
?
???
67.4%
?
???
65.2%
?
???
63%
?
???
63%
?
???
63%
?
???
63%
?
???
63%
?
???
60.9%
?
???
58.7%
?
???
58.7%
?
???
58.7%
?
???
58.7%
?
???
58.7%
?
???
58.7%
?
???
58.7%
?
???
56.5%
?
???
52.2%
?
???
52.2%
?
???
50%
?
???
50%
?
???
50%
?
???
50%
?
???
50%
?
???
50%
?
???
47.8%
?
???
47.8%
?
???
47.8%
?
???
47.8%
?
???
45.7%
?
???
45.7%
?
???
43.5%
?
???
43.5%
?
???
41.3%
?
???
39.1%
?
???
39.1%
?
???
39.1%
?
???
39.1%
Atomic #
Element
% Correct
?
???
39.1%
?
???
39.1%
?
???
39.1%
?
???
39.1%
?
???
39.1%
?
???
39.1%
?
???
39.1%
?
???
37%
?
???
37%
?
???
37%
?
???
37%
?
???
37%
?
???
34.8%
?
???
34.8%
?
???
34.8%
?
???
34.8%
?
???
34.8%
?
???
34.8%
?
???
32.6%
?
???
32.6%
?
???
30.4%
?
???
30.4%
?
???
30.4%
?
???
30.4%
?
???
30.4%
?
???
28.3%
?
???
28.3%
?
???
26.1%
?
???
23.9%
?
???
23.9%
?
???
23.9%
?
???
23.9%
?
???
23.9%
?
???
23.9%
?
???
23.9%
?
???
23.9%
?
???
23.9%
?
???
23.9%
Quiz Playlist
Details
Report
Send in Message
Add To Playlist
More Info:
Answers are in order based on the % guessed correctly on the "periodic table" quiz.
Classic:
Type in answers that appear in a list
No Skip:
Answers have to be entered in order without skipping
Last Updated: Feb 16, 2017
Quiz Scoreboard
CHALLENGE
Sign Up to Join the Scoreboard
Show All
Scores
Hide
Comments
May contain spoilers
Recently Published
College Basketball Coaching Resumes
by pancakes188
Sports
9m
Billboard Blitz: Fleetwood Mac
by CooCooCachoo
Music
15s
Presidents Visiting Landmarks
by Hejman
History
7m
More to Explore
Quiz From the Vault
Featured Blog Post
Where Did the Easter Bunny Come From?
hide this ad
You Might Also Like...
Tags
Chemistry Quiz
Elements Quiz
Order
Periodic Elements
Periodic Table
Table
Today's Top Quizzes in Science
Browse Science
hide this ad
Today's Top Quizzes in Elements
Browse Elements
Top Contributed Quizzes in Science
1
Quick Pick: Radians
2
Quick Pick: 'CI-CJ' Animals
3
The First 100 Digits of Pi
4
Elements In Images
5
One Thing in Common: Science
6
Science Jokes
7
Name the Acid, Base or Salt
8
One Thing in Common: Science II
9
One Thing in Common: Science III
10
One Thing in Common: Animals
Explore More
Trending Topics
Disney
Anime
Kpop
NBA
Harry Potter
Crossword
Marvel
Pokémon
The Office
Puzzle
Country
NFL
Song
Soccer
WWE
hide this ad
More By:
potternerd333
Quiz
Plays
Rating
Category
Featured
Created
Nicene Creed
29,904
4.54
Religion
Oct 11, 2012
Ten Commandments (Clickable)
8,517
4.38
Religion
Dec 7, 2012
Matrix or V?
6,845
4.77
Movies
Feb 19, 2013
Countries of the Mongol Empire
4,480
4.81
History
Sep 19, 2012
Human Body System Organs
3,552
4.33
Science
Oct 11, 2012
Go to Creator's Profile
Score Distribution
Quiz Creator Spotlight
potternerd333
Follow
Send a Message
Quizzes Created
-
Created Quiz Play Count
-
More By This Creator
Popular Quizzes Today
1
Find the US States - No Outlines Minefield
2
Find the Countries of Europe - No Outlines Minefield
3
The Countries of the World
4
Find the US States
5
Risky Map Clicking: Biggest States A-Z
6
US States
7
Popular People in 1961
8
Movies - When Are They Set?
More Science Quizzes
Hi, Zoo Animal! Where You From?
Published
Trending Quizzes
Risky Map Clicking: Least Populous States A-Z
1-10 Letter G Words
1-10 Letter F Words
Risky Map Clicking: Next State Alphabetically
Risky Map Clicking: Biggest States A-Z
Recently Updated
Leaping Animals
pecheneg
Reality TV Shows (A-Z)
bhenderson79
Rickey Henderson's Hall of Fame Teammates
pecheneg
Champions League XIs: Arsenal
pecheneg
Quick Pick: Celebrities in WWE's Hall of Fame
aduchscher
A-Z Keypad Blitz II
pecheneg
Multiple Oscar Actors
pecheneg
Mystery Phrase Blitz: Oscar 'Best Actors'
pecheneg
F. Scott Fitzgerald Novels
LTH
Pick 3 Villains
ddd62291
Trending Topics
Harry Potter
Anime
Marvel
Crossword
Disney
NBA
Kpop
Song
Pokémon
WWE
NFL
The Office
Country
Puzzle
Soccer
Your Account Isn't Verified!
In order to create a playlist on Sporcle, you need to verify the email address you used during registration. Go to your
Sporcle Settings
to finish the process.
Report this User
Report this user for behavior that violates our
Community Guidelines
.
Details:
Send Report
Go to the Sporcle.com Mobile Site →
Comments